000 01232nam a2200241Ia 4500
999 _c50990
_d50990
001 17947
003 GE_BSU
005 20200302110916.0
008 181216s1970ge xx |||||||||||||| ||geo||
040 _cGE_BSU
041 _ageo
080 _a81(479.22)(092) კ-52
100 _aკინწურაშვილი, კორნელი.
_97667
245 _aდავით ჩუბინაშვილი :
_b[მონოგრაფია] /
_cკორნელი კინწურაშვილი ; რედ. ნ.ქართველიშვილი ; მხატვ. გ.გორდელაძე.
264 _aთბილისი :
_bნაკადული,
_c1970.
300 _a111 გვ. :
_b1 ფ. პორტრ. ;
_c20 სმ..
653 _aდავით ჩუბინაშვილი
653 _aმონოგრაფია
653 _aქართველი ლექსიკოგრაფი; ქართული კულტურის მოღვაწე
700 _aქართველიშვილი, ნ
_eრედაქტორი
_97659
700 _aგორდელაძე, გ.
_eმხატვარი
_97668
942 _cBK
_2udc